000 00428nam a2200157 i 4500
001 57344
003 ES-MaACL
005 20230906163546.0
007 t|
008 031016s1921 fr ||||1| fre d
100 1 _aDopter, Ch.
_945369
245 1 2 _aL'infection meningococcique /
_cpar Ch. Dopter.
260 _aParís :
_b[s.n.,
_c1921] (
_eOrléans :
_fH. Tessier)
300 _a534 p. ;
_c25 cm.
852 _aES-MaACL
_jB-12133
999 _c57344
_d57344